01187nam a2200265 a 450000100100000000500170001000800410002702000180006804000250008608200200011110000310013124500560016226000510021830000210026950000630029059000620035359000280041565000270044365000310047091000370050195201240053895201180066295201240078099900170090400004258720240530073922.0091118s2013 dr 000 f spa d a9789945465570 aDO-SdBNPbspacBNPHU aRD863.44bR696m1 aRodríguez, Marcos92985813aEl Mártir de los martirios /cMarcos Rodríguez. aSanto Domingo :bDragón editorial,c[20--?]. a211 p. ;c21 cm. aIncluye datos biográficos del autor en la contracubierta aLa biblioteca posee un ejemplar autografiado por el autor aInventariado, 2020 / DG 0aNovela dominicana9223 0aLiteratura dominicana.967 aValidado. Control de calidad MFF 0010718DSaGRbGRcHDd2014-01-28iLF1l0oRD863.44 R696mp42587-30r2020-06-25te. 3w2020-06-25yLFDSZNo se presta 0010718PDaPDbPDcHDd2014-01-28iLF1l0oRD863.44 R696mp42587-10r2020-06-25w2020-06-25yLFPDZNo se presta 0010718PDaPDbPDcHDd2014-01-28iLF1l0oRD863.44 R696mp42587-20r2020-06-25te. 2w2020-06-25yLFPDZNo se presta c42076d42076